| 000 | 00868nam a2200229Ia 4500 | ||
|---|---|---|---|
| 003 | OSt | ||
| 005 | 20210527150341.0 | ||
| 008 | 210310s1967 nyuad gr 000 0 eng d | ||
| 040 |
_aCO-JMCR _cCO-JMCR |
||
| 041 | 0 | _aeng | |
| 082 | 0 | 4 |
_223 _a330.9861 / _bV152e |
| 100 | 1 |
_aVanek, Jaroslav, _eautor _926317 |
|
| 245 | 1 | 0 |
_aEstimating foreign resource needs for economic development : _btheory, Method, and a case study of Colombia / _cJaroslav Vanek |
| 260 |
_aNew York : _bMcGraw-Hill, _c1967. |
||
| 300 |
_a180 páginas : _bilustraciones y gráficas en blanco y negro ; _c23 cm. |
||
| 500 | _a#N/A | ||
| 504 | _aBibliografía : páginas 172-173. | ||
| 505 | 0 | _aThe estimationstructure and projections for Colombia. -- Analysis of Results | |
| 650 | 1 | 4 |
_aTeoría económica _zColombia _937993 |
| 650 | 2 | 4 |
_aAnálisis económico _zColombia _97320 |
| 942 |
_2ddc _cBK |
||
| 999 |
_c11737 _d11737 |
||